| 000 | 00663nam a22002297a 4500 | ||
|---|---|---|---|
| 003 | UA-OsUOA | ||
| 001 | 27303 | ||
| 007 | ta | ||
| 008 | 20040623b un ||||| |||| 00| 0 ukr d | ||
| 090 |
_a7.036 _bС56 |
||
| 942 | _cBK | ||
| 040 |
_aUA-OsUOA _brus _cUA-OsUOA _dUA-OsUOA |
||
| 245 |
_aСовременное западное искусство _bК критике буржуазной художественной культуры ХХ века _cРед. Г.А.Недошивин |
||
| 300 | _a240 с. | ||
| 955 | _a0 | ||
| 041 | _arus | ||
| 080 | _a7.036 | ||
| 260 |
_aМосква _bНаука _c1972 |
||
| 044 | _aRU | ||
| 650 | 7 | _2UDC | |
| 999 |
_c313647 _d313647 |
||